10 países que mais consomem chocolate - Statistics

Estatísticas Gerais
  • Esse quiz foi jogado 200 vezes
  • A pontuação média é 8 de 10
Estatísticas das Respostas
Posição Consumo anual per capita em Kilogramas País % Correto
4,31 KG per capita por ano Estados Unidos da América
98%
8,98 KG per capita por ano Suíça
95%
10° 4,22 KG per capita por ano França
89%
7,89 KG per capita por ano Alemanha
88%
5,4 KG per capita por ano Suécia
77%
7,39 KG per capita por ano Reino Unido
72%
6,62 KG per capita por ano Noruega
69%
4,72 KG per capita por ano Holanda
65%
4,9 KG per capita por ano Austrália
56%
7,39 KG per capita por ano Irlanda
49%
Nenhum quiz correspondente encontrado
Distribuição das Pontuações
Porcentagem de Pessoas com Cada Pontuação
Percentil de Números Respondidos
Sua Pontuação Histórica
Você não jogou esse quiz